Największe jeziora w Polsce - quiz na mapie - Statystyki

Ogólne statystyki
  • Ten quiz został rozwiązany 1 970 razy
  • Średni wynik to 7 z 20
Odpowiedzi na mapie
Odpowiedzi zakodowano w zielono-czerwonej skali na mapie do tego quizu, zgodnie z poniższymi procentami.
 
Statystyki odpowiedzi
Odpowiedź % Poprawnych
Śniardwy
82%
Mamry (cały kompleks)
68%
Łebsko
63%
Dąbie
51%
Gopło
49%
Wigry
49%
Jeziorak
46%
Drawsko
39%
Jamno
36%
Gardno
34%
Miedwie
32%
Niegocin
32%
Żarnowieckie
27%
Nidzkie
23%
Roś
22%
Rajgrodzkie
20%
Bukowo
19%
Tałty-Ryńskie
18%
Wielimie
18%
Lubie
16%
Nie znaleziono quizów pasujących do podanych kryteriów
Rozkład punktacji
Procent ludzi z każdym wynikiem
Percentyl według liczby udzielonych odpowiedzi
Twoja historia wyników
Nie rozwiązałeś tego quizu